Diseño de un plan de marketing digital para potenciar como destino turístico los atractivos ecológicos y culturales del municipio de Apastepeque departamento de San Vicente dirigido a la unidad de turismo de la Alcaldía municipal. Estudio a realizarse en el periodo comprendido de enero - agosto del año 2022. (Registro nro. 12347)

Detalles MARC
000 -LEADER
fixed length control field 00953nam a2200205Ia 4500
005 - FECHA Y HORA DE LA ÚLTIMA TRANSACCIÓN
control field 20240809114824.0
008 - FIXED-LENGTH DATA ELEMENTS--GENERAL INFORMATION
fixed length control field 240808s9999 xx 000 0 und d
040 ## - CATALOGING SOURCE
Original cataloging agency UPAN
Transcribing agency Biblioteca San Vicente
Description conventions RCAA2
041 ## - LANGUAGE CODE
Language code of text/sound track or separate title spa
082 ## - DEWEY DECIMAL CLASSIFICATION NUMBER
Classification number 354.73
Item number Alv
año de publicación 2022
100 ## - MAIN ENTRY--PERSONAL NAME
Personal name Alvarado Ventura, Fátima Lourdes
Relator code aut.
245 #0 - TITLE STATEMENT
Title Diseño de un plan de marketing digital para potenciar como destino turístico los atractivos ecológicos y culturales del municipio de Apastepeque departamento de San Vicente dirigido a la unidad de turismo de la Alcaldía municipal. Estudio a realizarse en el periodo comprendido de enero - agosto del año 2022.
260 ## - PUBLICATION, DISTRIBUTION, ETC. (IMPRINT)
Place of publication, distribution, etc San Vicente:
Name of publisher, distributor, etc Universidad Panamericana,
Date of publication, distribution, etc 2022
300 ## - PHYSICAL DESCRIPTION
Extent 188 p.;
Dimensions 28 cm.
650 ## - SUBJECT ADDED ENTRY--TOPICAL TERM
Source of heading or term LEMB
Topical term or geographic name as entry element Marketing digital
700 ## - ADDED ENTRY--PERSONAL NAME
Personal name Landaverde Pineda, Carlos Antonio;
Relator code aut.
700 ## - ADDED ENTRY--PERSONAL NAME
Personal name Marinero Rivas, Rocío Anabell;
Relator code aut.
700 ## - ADDED ENTRY--PERSONAL NAME
Personal name Pérez Beltrán, Kenia Emérita
Relator code aut.
942 ## - ADDED ENTRY ELEMENTS (KOHA)
Koha item type Libros
Source of classification or shelving scheme Dewey Decimal Classification
Existencias
Withdrawn status Lost status Source of classification or shelving scheme Damaged status Not for loan Collection code Home library Current library Date acquired Total Checkouts Full call number Barcode Date last seen Copy number Price effective from Koha item type
    Dewey Decimal Classification     Tesario Biblioteca UPAN San Vicente Biblioteca UPAN San Vicente 08/08/2024   354.73 Alv 12102156 08/08/2024 01 08/08/2024 Trabajos de Grado